000 00430nam a2200145Ia 4500
008 231129s2001||||xx |||||||||||||| ||spa||
020 _a958-699-023-0
040 _bspa
082 _a658.11 V293i
100 _aVarela Villegas Rodrigo
245 0 _aInnovación empresarial: arte y ciencia en la creación de empresas
260 _c2001
264 _aPearson Educación
942 _2ddc
_cBKS
999 _c15720
_d15720